| 000 | 00949nam a22001937a 4500 | ||
|---|---|---|---|
| 999 |
_c59069 _d59069 |
||
| 003 | Ge_BSU | ||
| 005 | 20221116112929.0 | ||
| 008 | 221116s1950 ge ||||| |||| 00| 0 geo d | ||
| 041 | _ageo | ||
| 080 | _a340.153(094) დ-72 | ||
| 100 |
_aდოლიძე, ი. _93777 |
||
| 245 |
_aადრინდელი ფეოდალური სამართლის ძეგლები / _cი. დოლიძე; რედ. ა. ვაჩეიშვილი. |
||
| 264 |
_aთბილისი : _bსტალინის სახ. თბილისის სახელმწ. უნ-ტის გამ-ბა და სტ., _c1950. |
||
| 300 |
_a124 გვ. ; _b23 სმ. |
||
| 504 | _aბიბლიოგრაფია შესავალში. | ||
| 653 | _aფეოდალური სამართალი | ||
| 700 |
_aვაჩეიშვილი, ა. _eრედაქტორი _93974 |
||
| 942 |
_2udc _cBK |
||